| 000 | 00436nam a2200181Ia 4500 | ||
|---|---|---|---|
| 008 | 230524s9999 xx 000 0 und d | ||
| 020 | _a8129704722 | ||
| 082 |
_a5.133 _bBHA |
||
| 100 | _aM.P.Bhave | ||
| 245 | 0 | _aObject Oriented Programming with C++ | |
| 250 | _a2ND | ||
| 260 |
_aNEW DELHI _b Pearson _c2004 |
||
| 300 | _aXVI;483 | ||
| 500 | _aQuantity Number: 32 | ||
| 650 | _aComp-Sc | ||
| 700 | _a S.A.Patekar | ||
| 942 | _cBK | ||
| 999 |
_c17933 _d17933 |
||